Barreras invisibles que limitan la participación de las personas en condición de discapacidad en el mercado laboral (Registro nro. 719)

Detalles MARC
000 -LEADER
fixed length control field 02045nmm a2200289 a 4500
003 - CONTROL NUMBER IDENTIFIER
control field CO-CtgCURN
005 - DATE AND TIME OF LATEST TRANSACTION
control field 20250721161352.0
008 - FIXED-LENGTH DATA ELEMENTS--GENERAL INFORMATION
fixed length control field 240624s2024 xx f 000 0 und d
040 ## - CATALOGING SOURCE
Original cataloging agency CO-CtgCURN
Language of cataloging spa
Transcribing agency coctgcurn
082 ## - DEWEY DECIMAL CLASSIFICATION NUMBER
Classification number DER 2024
Item number G643
100 ## - MAIN ENTRY--PERSONAL NAME
Personal name González Thorrens, Luis David
Relator term autor
9 (RLIN) 9931
245 #0 - TITLE STATEMENT
Title Barreras invisibles que limitan la participación de las personas en condición de discapacidad en el mercado laboral
Medium [electronic resource] /
Statement of responsibility, etc. Luis David González Thorrens; Oswaldo Julian Orozco Chavez; José Javier Pertuz Salome; asesor., Carlos Ricardo Cardona Gaviria
260 ## - PUBLICATION, DISTRIBUTION, ETC.
Place of publication, distribution, etc. Barranquilla, Atlántico :
Name of publisher, distributor, etc. Corporación Universitaria Rafael Núñez,
Date of publication, distribution, etc. 2024
300 ## - PHYSICAL DESCRIPTION
Extent 1 recurso en línea (42 páginas (PDF)) :
Other physical details ilustraciones
502 ## - DISSERTATION NOTE
Dissertation note Trabajo de Grado (Abogado). Corporación Universitaria Rafael Núñez. Facultad de Ciencias Sociales y Humanas. Programa de Derecho, 2024
504 ## - BIBLIOGRAPHY, ETC. NOTE
Bibliography, etc. note Incluye referencias bibliográficas
520 ## - SUMMARY, ETC.
Summary, etc. Este proyecto de investigación se centra en identificar y analizar las principales barreras que obstaculizan la contratación de personas con discapacidad en Colombia y específicamente en el municipio de Santa Lucía - atlántico, a través de una revisión exhaustiva de la literatura y la recopilación de datos cualitativos y cuantitativos, se busca comprender los desafíos específicos que enfrentan las personas con discapacidad en el mercado laboral colombiano.
521 ## - TARGET AUDIENCE NOTE
Target audience note AREA PROFESIONAL
590 ## - LOCAL NOTE (RLIN)
Local note Programa de Derecho_18
650 ## - SUBJECT ADDED ENTRY--TOPICAL TERM
Topical term or geographic name entry element Derecho
Form subdivision Tesis y disertaciones académicas
9 (RLIN) 9932
700 ## - ADDED ENTRY--PERSONAL NAME
Personal name Cardona Gaviria,Carlos Ricardo
Relator term asesor
9 (RLIN) 9933
700 ## - ADDED ENTRY--PERSONAL NAME
Personal name Orozco Chavez, Oswaldo Julian
Relator term autor
9 (RLIN) 9934
700 ## - ADDED ENTRY--PERSONAL NAME
Personal name Pertuz Salome, José Javier
Relator term autor
9 (RLIN) 9935
856 ## - ELECTRONIC LOCATION AND ACCESS
Uniform Resource Identifier <a href="https://unicurn.sharepoint.com/:b:/s/biblioteca/EVtUsnpP-utEkm97z_Zl_lsBKH9P1REVImpBcsRjt6rtzw?e=L6es7m">https://unicurn.sharepoint.com/:b:/s/biblioteca/EVtUsnpP-utEkm97z_Zl_lsBKH9P1REVImpBcsRjt6rtzw?e=L6es7m</a>
Link text Consulte aquí el texto completo
942 ## - ADDED ENTRY ELEMENTS (KOHA)
Koha item type Trabajos de grado
Classification part DER 2024
Item part G643
Source of classification or shelving scheme Dewey Decimal Classification
Suppress in OPAC No
Existencias
Withdrawn status Lost status Damaged status Not for loan Collection Home library Current library Shelving location Date acquired Inventory number Total checkouts Full call number Barcode Date last seen Copy number Price effective from Koha item type
        Trabajos de grado Miguel Henríquez Castañeda Barranquilla Miguel Henríquez Castañeda Barranquilla Trabajo de grado 06/24/2024 05370   DER 2024 G643 05370 06/24/2024 ej.1 06/24/2024 Trabajos de grado